Islam Kamukammil Nizam-E-Talaq (Record no. 10902)
[ view plain ]
| 000 -LEADER | |
|---|---|
| fixed length control field | 00635nam a2200253 a 4500 |
| 020 ## - INTERNATIONAL STANDARD BOOK NUMBER | |
| ISBN | |
| 082 00 - DEWEY DECIMAL CLASSIFICATION NUMBER | |
| Classification number | 340.59 |
| Author Cutter | QAS |
| 100 ## - MAIN ENTRY--AUTHOR NAME | |
| Author name | Qasmi, Abdul Jaleel |
| 245 ## - TITLE STATEMENT | |
| Title | Islam Kamukammil Nizam-E-Talaq |
| 260 ## - PUBLICATION, DISTRIBUTION, ETC. (IMPRINT) | |
| Place of publication | Deoband |
| Name of publisher | Darul Moallifeen |
| Year of publication | 1990 |
| 500 ## - GENERAL NOTE | |
| General note | includes index and biblioraphy |
| 505 2# - FORMATTED CONTENTS NOTE | |
| Formatted contents note | Indexes |
| 650 ## - SUBJECT ADDED ENTRY--TOPICAL TERM | |
| Topical Term | Islamic Law-Taxation |
| 650 ## - SUBJECT ADDED ENTRY--TOPICAL TERM | |
| Topical Term | Divorce-Islamic Law |
| 650 ## - SUBJECT ADDED ENTRY--TOPICAL TERM | |
| Topical Term | Islamic-Law |
| 942 ## - ADDED ENTRY ELEMENTS (KOHA) | |
| Koha item type | Books |
| 700 1# - | |
| -- | Qasmi, Abdul Jaleel |
| Collection code | Home library | Current library | Date acquired | Cost, normal purchase price | Full call number | Accession Number | Koha item type |
|---|---|---|---|---|---|---|---|
| Henry Martyn Institute Library | Henry Martyn Institute Library | 05/30/2007 | 40.00 | 340.59 QAS | 017929 | Books |
